000 01145nam a2200301Ia 4500
001 ebr10076717
003 CaPaEBR
006 m u
007 cr cn|||||||||
008 040302s2000 enk sb 001 0 eng d
020 _z0761958002
040 _aCaPaEBR
_cCaPaEBR
035 _a(OCoLC)80471856
050 1 4 _aRC480.55
_b.C87 2000eb
100 1 _aCurwen, Berni.
245 1 0 _aBrief cognitive behavior therapy
_h[electronic resource] /
_cBerni Curwen, Stephen Palmer, Peter Ruddell.
260 _aLondon ;
_aThousand Oaks :
_bSAGE,
_c2000.
300 _ax, 190 p.
504 _aIncludes bibliographical references and index.
533 _aElectronic reproduction.
_bPalo Alto, Calif. :
_cebrary,
_d2009.
_nAvailable via World Wide Web.
_nAccess may be limited to ebrary affiliated libraries.
650 0 _aBrief psychotherapy.
650 0 _aCognitive therapy.
655 7 _aElectronic books.
_2local
700 1 _aPalmer, Stephen.
700 1 _aRuddell, Peter.
710 2 _aebrary, Inc.
856 4 0 _uhttp://site.ebrary.com/lib/rucke/Doc?id=10076717
_zAn electronic book accessible through the World Wide Web; click to view
999 _c72953
_d72953